الاذاعة وبناء الانسان (اقرا 438) / (Record no. 27241)
[ view plain ]
| 000 -الفاتح | |
|---|---|
| حقل البيانات ثابتة الطول | 00538nam a2200181Ia 4500 |
| 008 - عناصر البيانات ثابتة الطول - معلومات عامة | |
| حقل البيانات ثابتة الطول | 140319s9999 xx 000 0 ara d |
| 040 ## - مصدر الفهرسة | |
| وكالة الفهرسة الأصلية | GCL / |
| وكالة النسخ | GCL |
| 082 04 - رقم تصنيف ديوى العشرى | |
| رقم التصنيف | د |
| رقم المادة | 050 |
| 100 1# - المدخل الرئيسى - إسم شخصى | |
| الإسم الشخصى | ايهاب الازهرى |
| 245 10 - بيان العنوان | |
| العنوان | الاذاعة وبناء الانسان (اقرا 438) / |
| بيان المسئوليه,etc | ايهاب الازهرى |
| 300 ## - الوصف المادى | |
| التعداد | 199 ص |
| 490 ## - بيان السلسلة | |
| عنوان السلسلة | وثائق ونصوص |
| رقم المجلد/ التعيين التسلسلي | 0 |
| 650 04 - المدخل الاضافى بالموضوع-مصطلح موضوعى | |
| مصطلح موضوعي | الاذاعة |
| 650 04 - المدخل الاضافى بالموضوع-مصطلح موضوعى | |
| مصطلح موضوعي | التعليم بالراديو |
| 650 04 - المدخل الاضافى بالموضوع-مصطلح موضوعى | |
| مصطلح موضوعي | الراديو فى التعليم |
| 942 ## - عناصر المدخل الإضافي( كوها) | |
| مصدر التصنيف او مخطط الترفيف | Dewey Decimal Classification |
| Koha [default] item type | ملف كمبيوتر |
| حالة التراجع | حالة الفقد | حالة تلف | ليس للاعارة | المكان المؤقت | الموقع الحالى | تاريخ الاكتساب | اجمالي اﻻعارات | رقم الطلب | الباركود | تاريخ اخر مشاهدة | تاريخ تفعيل السعر | نوع وعاء كوها |
|---|---|---|---|---|---|---|---|---|---|---|---|---|
| مكتبة القاهرة الكبرى | مكتبة القاهرة الكبرى | 03/26/2014 | د\050 | 60778 | 03/26/2014 | 03/26/2014 | ملف كمبيوتر | |||||
| مكتبة القاهرة الكبرى | مكتبة القاهرة الكبرى | 03/26/2014 | د\050 | 60779 | 03/26/2014 | 03/26/2014 | ملف كمبيوتر | |||||
| مكتبة القاهرة الكبرى | مكتبة القاهرة الكبرى | 03/26/2014 | د\050 | 60780 | 03/26/2014 | 03/26/2014 | ملف كمبيوتر | |||||
| مكتبة القاهرة الكبرى | مكتبة القاهرة الكبرى | 03/26/2014 | د\050 | 60781 | 03/26/2014 | 03/26/2014 | ملف كمبيوتر | |||||
| مكتبة القاهرة الكبرى | مكتبة القاهرة الكبرى | 03/26/2014 | د\050 | 60782 | 03/26/2014 | 03/26/2014 | ملف كمبيوتر | |||||
| مكتبة القاهرة الكبرى | مكتبة القاهرة الكبرى | 03/26/2014 | د\050 | 60783 | 03/26/2014 | 03/26/2014 | ملف كمبيوتر | |||||
| مكتبة القاهرة الكبرى | مكتبة القاهرة الكبرى | 03/26/2014 | د\050 | 60784 | 03/26/2014 | 03/26/2014 | ملف كمبيوتر | |||||
| مكتبة القاهرة الكبرى | مكتبة القاهرة الكبرى | 03/26/2014 | د\050 | 60785 | 03/26/2014 | 03/26/2014 | ملف كمبيوتر |

